<?xml version="1.0" encoding="UTF-8"?><?xml-stylesheet type="text/xsl" href="static/style.xsl"?><OAI-PMH xmlns="http://www.openarchives.org/OAI/2.0/" xmlns:xsi="http://www.w3.org/2001/XMLSchema-instance" xsi:schemaLocation="http://www.openarchives.org/OAI/2.0/ http://www.openarchives.org/OAI/2.0/OAI-PMH.xsd"><responseDate>2026-06-03T03:57:11Z</responseDate><request verb="GetRecord" identifier="oai:riuma.uma.es:10630/27109" metadataPrefix="marc">https://riuma.uma.es/rest/oai/request</request><GetRecord><record><header><identifier>oai:riuma.uma.es:10630/27109</identifier><datestamp>2026-02-03T11:26:26Z</datestamp><setSpec>com_10630_2254</setSpec><setSpec>col_10630_37953</setSpec></header><metadata><record xmlns="http://www.loc.gov/MARC21/slim" xmlns:dcterms="http://purl.org/dc/terms/" xmlns:doc="http://www.lyncode.com/xoai" xmlns:xsi="http://www.w3.org/2001/XMLSchema-instance" xsi:schemaLocation="http://www.loc.gov/MARC21/slim http://www.loc.gov/standards/marcxml/schema/MARC21slim.xsd">
   <leader>00925njm 22002777a 4500</leader>
   <datafield ind2=" " ind1=" " tag="042">
      <subfield code="a">dc</subfield>
   </datafield>
   <datafield ind2=" " ind1=" " tag="720">
      <subfield code="a">Cortés-Izurdiaga, Manuel</subfield>
      <subfield code="e">author</subfield>
   </datafield>
   <datafield ind2=" " ind1=" " tag="720">
      <subfield code="a">Torrecillas, Blas</subfield>
      <subfield code="e">author</subfield>
   </datafield>
   <datafield ind2=" " ind1=" " tag="260">
      <subfield code="c">2023</subfield>
   </datafield>
   <datafield ind2=" " ind1=" " tag="520">
      <subfield code="a">Let R be a ring and N ≥ 2. First, we prove that any deconstructible class of modules F&#xd;
over R induces two coreflective subcategories of the homotopy category KN (Mod−R)&#xd;
of (unbounded) N -complexes of right R-modules: the one whose objects are all N -&#xd;
complexes with components in F, KN (F), and the one whose objects are the N -&#xd;
acyclic complexes with components in F, AN (F). Second, we prove that for any&#xd;
decomposable class of modules G, the homotopy category of N -complexes, KN (G),&#xd;
is well generated. In particular, the homotopy category of N -complexes of projective&#xd;
modules is ℵ1 -generated, which extends the well known result of Neeman for N = 2.</subfield>
   </datafield>
   <datafield ind1="8" ind2=" " tag="024">
      <subfield code="a">Cortés-Izurdiaga, M., Torrecillas, B. Well Generatedness and Adjoints for Homotopy Categories of N-complexes. Bull. Malays. Math. Sci. Soc. 46, 146 (2023). https://doi.org/10.1007/s40840-023-01537-8</subfield>
   </datafield>
   <datafield ind1="8" ind2=" " tag="024">
      <subfield code="a">https://hdl.handle.net/10630/27109</subfield>
   </datafield>
   <datafield ind1="8" ind2=" " tag="024">
      <subfield code="a">https://doi.org/10.1007/s40840-023-01537-8</subfield>
   </datafield>
   <datafield tag="653" ind2=" " ind1=" ">
      <subfield code="a">Homotopía</subfield>
   </datafield>
   <datafield ind2="0" ind1="0" tag="245">
      <subfield code="a">Well Generatedness and Adjoints for Homotopy Categories of N-complexes</subfield>
   </datafield>
</record>
</metadata></record></GetRecord></OAI-PMH>